Research Methodology: Methods and Techniques (Record no. 6750)

MARC details
005 - DATE AND TIME OF LATEST TRANSACTION
control field 20250716160033.0
020 ## - INTERNATIONAL STANDARD BOOK NUMBER
International Standard Book Number 978-93-86649-22-5
082 ## - DEWEY DECIMAL CLASSIFICATION NUMBER
Classification number 001.42 KOT
100 ## - MAIN ENTRY--PERSONAL NAME
Author name KOTHARI, R. C.
245 ## - TITLE STATEMENT
Title Research Methodology: Methods and Techniques
250 ## - EDITION STATEMENT
Edition statement 4th Ed.
260 ## - PUBLICATION, DISTRIBUTION, ETC.
Place of publication, distribution, etc. Bangalore
Name of publisher, distributor, etc. New Age International Publishers
Date of publication, distribution, etc. 2019
300 ## - PHYSICAL DESCRIPTION
Extent xxi, 455p.: ill.; tables
Other physical details Index
Dimensions 23cm
700 ## - ADDED ENTRY--PERSONAL NAME
Other authors/Editors Gaurav Garg
942 ## - ADDED ENTRY ELEMENTS (KOHA)
Source of classification or shelving scheme Dewey Decimal Classification
Koha item type Books
Holdings
Date last seen Total checkouts Full call number Barcode Cost, replacement price Price effective from Koha item type Lost status Source of classification or shelving scheme Damaged status Not for loan Withdrawn status Home library Current library Shelving location Date acquired Source of acquisition Cost, normal purchase price
07/16/2025   001.42 KOT MZA0003411 90000.00 07/16/2025 Books   Dewey Decimal Classification       CBE Mwanza CBE Mwanza General Collection 06/27/2025 NBAA Donation 30000.00
07/16/2025   001.42 KOT MZA0003412 90000.00 07/16/2025 Books   Dewey Decimal Classification       CBE Mwanza CBE Mwanza General Collection 06/27/2025 NBAA Donation 30000.00
07/16/2025   001.42 KOT MZA0003413 90000.00 07/16/2025 Books   Dewey Decimal Classification       CBE Mwanza CBE Mwanza General Collection 06/27/2025 NBAA Donation 30000.00
07/16/2025   001.42 KOT MZA0003414 90000.00 07/16/2025 Books   Dewey Decimal Classification       CBE Mwanza CBE Mwanza General Collection 06/27/2025 NBAA Donation 30000.00
07/16/2025   001.42 KOT MZA0003415 90000.00 07/16/2025 Books   Dewey Decimal Classification       CBE Mwanza CBE Mwanza General Collection 06/27/2025 NBAA Donation 30000.00